Time management for executives (Record no. 67270)

MARC details
000 -LEADER
fixed length control field 00558nam a2200193Ia 4500
005 - DATE AND TIME OF LATEST TRANSACTION
control field 20230328173822.0
008 - FIXED-LENGTH DATA ELEMENTS--GENERAL INFORMATION
fixed length control field 221007s9999 xx 000 0 und d
041 ## - LANGUAGE CODE
Language code of text/sound track or separate title eng
082 ## - DEWEY DECIMAL CLASSIFICATION NUMBER
Classification number 640.43
Item number JAN/JON
100 ## - MAIN ENTRY--PERSONAL NAME
Author Jones S K & Januz L R
245 ## - TITLE STATEMENT
Title Time management for executives
260 ## - PUBLICATION, DISTRIBUTION, ETC.
Date of publication, distribution, etc. 1996
Name of publisher, distributor, etc. Rupa & Co. Publisher
Place of publication, distribution, etc. New Delhi
300 ## - PHYSICAL DESCRIPTION
Extent 232p
500 ## - GENERAL NOTE
Keywords Time Management<br/>
520 ## - SUMMARY, ETC.
Summary, etc. B00628 June 2015B00628 June 2016B00628 June 2016B00628 June 2016
650 ## - SUBJECT ADDED ENTRY--TOPICAL TERM
Topical term or geographic name entry element Time Management
942 ## - ADDED ENTRY ELEMENTS (KOHA)
Koha item type Books
906 ## - LOCAL DATA ELEMENT F, LDF (RLIN)
a 9
b General
Holdings
Withdrawn status Lost status Damaged status Not for loan Home library Current library Date acquired Vendor Net Price Total Checkouts Full call number Barcode Date last seen Date last checked out Actual Price Bill Date Koha item type Original Barcode
        Smt. Hiraben Nanavati Institute of Management & Research for Women Smt. Hiraben Nanavati Institute of Management & Research for Women 23/10/1997 Popular Book House 60.00 2 640.43 JAN/JON B00628 HIMR-BK-628 30/01/2023 30/01/2023 51.00 23/10/1997 Books B00628